| 000 | 00880cam a22002291i 4500 | ||
|---|---|---|---|
| 003 | OSt | ||
| 005 | 20260306122627.0 | ||
| 008 | 260304s2000 su g 000 0cara c | ||
| 040 |
_aSA-JeALM _bara _cSA-RiAUC _erda |
||
| 082 | 0 | 4 |
_a922.1 _qSA-RiAUC |
| 090 |
_a922.1 _bا ب و م |
||
| 100 | 1 |
_aأبو مدين، عبدالفتاح _eمؤلف. |
|
| 245 | 1 | 0 |
_aالشيخ محمد الحافظ / _cعبدالفتاح أبو مدين |
| 264 | 1 |
_aجدة. السعودية : _bتارة الدولية، _bعبدالفتاح أبو مدين. _c2013 |
|
| 300 |
_a212 صفحة ؛ _c22 سم. |
||
| 336 |
_aنص _btxt _2rdacontent _3كتاب |
||
| 337 |
_aبدون وسيط _bn _2rdamedia |
||
| 650 | 7 |
_aالإسلام _vتراجم _2aucsh |
|
| 700 |
_aالحافظ، محمد الحافظ بن موسى _d1335 - 1418 هـ |
||
| 942 |
_2ddc _cBOOK _n0 |
||
| 949 |
_aSA-JeALM _d260304 _uosman123 _n1 |
||
| 999 |
_c14479 _d14479 |
||